Responses for Show #4081 - Monday, May 6, 2002

2002 Million Dollar Masters quarterfinal game 4.

Contestants

[<< previous game]

Bob Verini, a film journalist and test prep teacher from Los Angeles, California

Eddie Timanus, a sports reporter from Arlington, Virginia

Leslie Shannon, a manager of a research lab from Sydney, Australia

[next game >>]

Jeopardy! Round responses

THE NEW YORK TIMES BEST SELLERS
PEOPLE FROM INDIA
TRACK & FIELD
WHITE
WHEAT
WRY
    $200 3
Stephen Hawking

Leslie
    $200 12
Indira Gandhi

Leslie
    $200 19
a marathon

Leslie
    $200 5
the great white shark

Triple Stumper
    $200 18
honey

Eddie
    $200 1
a classic

Leslie
    $1,000 8
(Alex: The sequel to Gone With the Wind. You're right, you double your score. Go again, Bob.)

Scarlett

Bob
    $400 4
Nehru

Eddie
    $400 25
Florence Griffith Joyner

Leslie
    $400 6
leukemia

Leslie
    $400 20
beer

Leslie
    $400 2
an exception

Bob
    $600 9
The Caine Mutiny

Bob
    $600 13
Ravi Shankar

Leslie
    $600 26
Jesse Owens

Bob
    $600 7
albumen

Bob
    $600 21
Wheat Thins

Bob
    $600 22
their mistakes

Triple Stumper
    $800 10
Kane and Abel

Leslie
    $800 14
Satyajit Ray

Bob
    $800 27
(Bob: What is the pole vault?)
(Leslie: What is the long jump?)

the high jump

LeslieEddieBob
    $800 16
alabaster

Leslie
    $800 29
Wheatena

Bob
    $800 23
underestimating

Bob
    $1000 11
The French Lieutenant's Woman

Bob
    $1000 15
Shah Jahan

Bob
    $1000 28
"Dutch" Warmerdam

Triple Stumper
    $1000 17
the sclera

Leslie
    $1000 30
bulgur

Bob
    $1000 24
Dorothy Parker

Eddie

Scores at the first commercial break (after clue 15):

Leslie Eddie Bob
$2,400 $400 $5,400

Scores at the end of the Jeopardy! Round:

Leslie Eddie Bob
$4,400 $2,400 $8,400

Double Jeopardy! Round responses

EUROPEAN HISTORY
MOVIES BY CHARACTER
POETIC LICENSE
SCIENTIFIC DISCOVERY
MUSIC APPRECIATION
YOU'VE GOT A "TUDE", MISTER
    $400 7
Lutheranism

Leslie
    $400 6
Beverly Hills Cop

Leslie
    $400 16
(Alex: Referring to [*]. Bob, back to you.)
(Bob: I'll bet they were imaginary!)
[Laughter]

Walt Whitman

Triple Stumper
    $400 24
comets

Bob
    $400 12
mezzo

Bob
    $400 1
(Eddie: I think I have a 'tude.)
...
(Bob: What is latitude?)

longitude

LeslieBob
    $800 8
Macedonia

Bob
    $800 9
Last Tango in Paris

Bob
    $800 17
Edna St. Vincent Millay

Bob
    $800 25
(Leslie: What is ether?)

nitrous oxide (laughing gas)

LeslieEddie
    $800 14
gavotte

Bob
    $800 2
aptitude

Leslie
    $1200 21
the Central

Eddie
    $1200 10
(Alex: Those were the famous four white stallions in [*]. Bob, back to you.)
(Bob: That's right!)
[Laughter]

Ben-Hur

Triple Stumper
    $1200 18
William Shakespeare

Triple Stumper
    $1200 26
sickle-cell anemia

Leslie
    $1200 15
Sibelius

Bob
    $1200 3
solitude

Eddie
    $1600 27
Florence

Leslie
    $1600 11
Judgment at Nuremberg

Eddie
    $1,800 19
Elizabeth Barrett Browning

Bob
    $1600 29
the pig

Leslie
    $6,400 22
(Eddie: MUSIC APPRECIATION for $1200, please.)
(Alex: Answer:)
[There is a second of silent confusion]
(Alex: We already used up the 12--)
(Eddie: 16.)
(Alex: $1600 is the next one, and that's the Daily Double! Eddie, you and Leslie are tied at $6400, and Bob has the lead with $16,600.)
(Eddie: Make it True, Alex.)
[Applause]
...
(Eddie: ...What is a clavichord?)
(Alex: No, the Latin for "maiden" is virgo--)
(Eddie: [Hushed] [*]!)
(Alex: --and we're talking about a [*], yes.)

virginal

Eddie
    $1600 4
ingratitude

Triple Stumper
    $2000 28
Navarre

Bob
    $2000 13
(Leslie: What is Pulp Fiction?)
(Alex: No.)
(Leslie: Oh darn...)
...
(Alex: Lyle and Tector were the brothers in [*].)
(Leslie: Ahh...)

The Wild Bunch

Leslie
Triple Stumper
    $2000 20
George IV

Leslie
    $2000 30
Rene Descartes

Triple Stumper
    $2000 23
Ivor Novello

Bob
    $2000 5
turpitude

Bob

Scores at the end of the Double Jeopardy! Round:

Leslie Eddie Bob
$10,000 $800 $21,000
(lock game)

Final Jeopardy! Round responses

U.S. CITIES
EddieWHAT IS ATLANTA?
$800
LeslieWhat is Pittsburgh?
$10,000
BobWhat is Pittsburgh?
$0
Pittsburgh

Final scores:

Leslie Eddie Bob
$20,000 $0 $21,000
2nd place: $10,000 if eliminated 3rd place: $10,000 if eliminated Automatic semifinalist

Game dynamics:

Coryat scores:

Leslie Eddie Bob
$10,000 $7,200 $20,200
19 R,
3 W
8 R,
1 W
(including 1 DD)
23 R
(including 2 DDs),
2 W

Combined Coryat: $37,400

[game clues] [game scores] [suggest correction]

Game tape date: 2002-03-24
The J! Archive is created by fans, for fans. Scraping, republication, monetization, and malicious use prohibited; this site may use cookies and collect identifying information. See terms. The Jeopardy! game show and all elements thereof, including but not limited to copyright and trademark thereto, are the property of Jeopardy Productions, Inc. and are protected under law. This website is not affiliated with, sponsored by, or operated by Jeopardy Productions, Inc. Join the discussion at JBoard.tv.